El libro de las generalidades de la medicina (Record no. 73266)
[ view plain ]
| 000 -LEADER | |
|---|---|
| campo de control de longitud fija | 01055nam a2200289 i 4500 |
| 001 - NÚMERO DE CONTROL | |
| campo de control | 73266 |
| 003 - IDENTIFICADOR DE NÚMERO DE CONTROL | |
| campo de control | ES-MaACL |
| 005 - FECHA Y HORA DE LA ÚLTIMA TRANSACCIÓN | |
| campo de control | 20251013203206.0 |
| 007 - CAMPO FIJO DE DESCRIPCIÓN FÍSICA--INFORMACIÓN GENERAL | |
| campo de control de longitud fija | t| |
| 008 - DATOS DE LONGITUD FIJA--INFORMACIÓN GENERAL | |
| campo de control de longitud fija | 040923s2003 sp ||||1| spa d |
| 020 ## - NÚMERO INTERNACIONAL ESTÁNDAR DEL LIBRO | |
| Número Internacional Estándar del Libro | 84-8164-602-4 |
| 080 ## - NÚMERO DE LA CLASIFICACIÓN DECIMAL UNIVERSAL | |
| Número de la Clasificación Decimal Universal | 61(02)"11" |
| 100 1# - ENTRADA PRINCIPAL--NOMBRE DE PERSONA | |
| Nombre de persona | Averroes. |
| 9 (RLIN) | 24027 |
| 245 13 - MENCIÓN DEL TÍTULO | |
| Título | El libro de las generalidades de la medicina |
| Resto del título | : = (Kitab al-Kullyyat fil-tibb) / |
| Mención de responsabilidad, etc. | Abu-l-Walid Ibn Rusd = (Averroes) ; traducción de María de la Concepción Vázquez de Benito y Camilo Alvarez Morales. |
| 260 ## - PUBLICACIÓN, DISTRIBUCIÓN, ETC. | |
| Lugar de publicación, distribución, etc. | Madrid : |
| Nombre del editor, distribuidor, etc. | Trotta, |
| Fecha de publicación, distribución, etc. | [2003] |
| 300 ## - DESCRIPCIÓN FÍSICA | |
| Extensión | 509 p. ; |
| Dimensiones | 23 cm. |
| 490 1# - MENCIÓN DE SERIE | |
| Mención de serie | Al-Andalus |
| 500 ## - NOTA GENERAL | |
| Nota general | Traducción de: Kitab al-Kulliyyat fi l-tibb. |
| 504 ## - NOTA DE BIBLIOGRAFÍA, ETC. | |
| Nota de bibliografía, etc. | Bibliografía: p. 475-477. |
| 650 14 - PUNTO DE ACCESO ADICIONAL DE MATERIA--TÉRMINO DE MATERIA | |
| Término de materia o nombre geográfico como elemento de entrada | Medicina- |
| Subdivisión de forma | Obras anteriores a 1800 |
| 9 (RLIN) | 14912 |
| 700 0# - ENTRADA AGREGADA--NOMBRE PERSONAL | |
| Nombre de persona | Vázquez de Benito, María de la Concepción |
| 9 (RLIN) | 113413 |
| 700 1# - ENTRADA AGREGADA--NOMBRE PERSONAL | |
| Nombre de persona | Álvarez Morales, Camilo. |
| 9 (RLIN) | 20771 |
| 740 0# - ENTRADA AGREGADA--TÍTULO RELACIONADO/ANALÍTICO NO CONTROLADO | |
| Título relacionado o analítico no controlado | Kitab al-Kulliyyat fi l-tibb. |
| 830 0# - PUNTO DE ACCESO ADICIONAL DE SERIE-TÍTULO UNIFORME | |
| Título uniforme | Al-Andalus |
| 9 (RLIN) | 178870 |
| 852 ## - LOCALIZACIÓN | |
| Ubicación | ES-MaACL |
| Número de control de estantería | L-28105 |
| Sublocalización o colección | R.134017 |
| Estatus retirado | Estado de pérdida | Estado de daño | No para préstamo | Biblioteca de origen | Biblioteca actual | Ubicación en estantería | Fecha de adquisición | Fuente de adquisición | Total de préstamos | Signatura topográfica completa | Código de barras | Visto por última vez | Precio de reemplazo | Tipo de ítem Koha |
|---|---|---|---|---|---|---|---|---|---|---|---|---|---|---|
| Biblioteca del Ateneo de Madrid | Biblioteca del Ateneo de Madrid | Depósito 2 | 17/01/2008 | L-28105 | 1076694 | 23/02/2023 | 23/02/2023 | Libro impreso |
